000 00750nam a2200229 4500
003 CO-ViMGA
020 _a9789585628489
040 _aCO-ViMGA
_bspa
_cCO-ViMGA
090 _aN ECH4
100 1 _aEcheverri Benedetti, Orlando
_913313
245 1 0 _aCriacuervo
_cOrlando Echeverri Benedetti
260 _aBogotá
_bAngosta
300 _a211 páginas
_b19 cm.
490 _aPlan Nacional de Lectura y Escritura Leer es mi Cuento / Ministerio de Cultura
500 _a Recomendado para público adulto
650 1 4 _aAutores Colombianos
_913314
650 1 4 _aHermanos - Novela
_913315
650 1 4 _aLiteratura Colombiana
_ySiglo Xx
_98269
650 1 4 _aNovela Colombiana
_ySiglo Xxi
_92549
650 1 4 _aVida Cotidiana - Novela
_911786
942 _2ddc
_cBK
999 _c8613
_d8613